Normal view MARC view

Entry Nombre personal

Number of records used in: 2

001 - NÚMERO DE CONTROL

  • campo de control: 141485

003 - IDENTIFICADOR DE NÚMERO DE CONTROL

  • campo de control: SpMaBN

005 - FECHA Y HORA DE LA ÚLTIMA TRANSACCIÓN

  • campo de control: 20250715071318.0

008 - ELEMENTOS DE DATO DE LONGITUD-FIJA

  • campo de control de longitud fija: 900725nn ainnnaabn n aaa

016 ## - NÚMERO DE CONTROL DE UNA AGENCIA BIBLIOGRÁFICA NACIONAL

  • Número de control del registro: BNE19982374433

040 ## - FUENTE DE CATALOGACIÓN

  • Centro catalogador/agencia de origen: SpMaBN
  • Lengua de catalogación: spa
  • Centro/agencia transcriptor: SpMaBN
  • Normas de descripción: rdc
  • Convención/Normas de encabezamiento de materia/tesauro: embne

046 ## - FECHAS CON CODIFICACIÓN ESPECIAL

  • Fecha de nacimiento: 1846
  • Fecha de la muerte: 1899

100 1# - ENCABEZAMIENTO-NOMBRE DE PERSONA

  • Nombre de persona: Gascó, Luis Gonzaga,
  • Fechas asociadas al nombre: 1846-1899

370 ## - LUGAR ASOCIADO

  • Lugar de nacimiento: España, Comunidad Valenciana, Valencia (Provincia),Valencia

370 ## - LUGAR ASOCIADO

  • Lugar de fallecimiento: España, Comunidad Valenciana, Valencia (Provincia),Valencia

375 ## - GÉNERO/SEXO

  • Género: Masculino

377 ## - IDIOMA ASOCIADO

  • Término de lengua/lenguaje: Español

670 ## - FUENTE DE DATOS ENCONTRADOS

  • Cita de la fuente: Programa de latin y castellano: Segundo curso, 1878
  • Información encontrada: portada (por Luis Gonzaga Gascó)

670 ## - FUENTE DE DATOS ENCONTRADOS

  • Cita de la fuente: Aznar García, José Vicente: Contribución a la historia de la matemática española de finales del XIX: Luis G. Gasco (1846-1899) y el ‹‹Archivo de Matemáticas››, en Hormigón Blázquez, Mariano (coord.): Actas II Congreso de la Sociedad Española de Historia de las Ciencias: Jaca, 27 de septiembre- 1 de octubre, 1982, Volumen 2 (La ciencia y la técnica en España entre 1850 y 1936: comunicaciones), 1984, en WWW Dialnet, 2-11-2022
  • Información encontrada: página [47] (la figura del polifacético matemático y erudito escritor, Luis Gonzaga Gascó y Albert (nacido en Valencia en 1846 y fallecido en Valencia en 1899))
  • Identificador Uniforme de Recursos: https://dialnet.unirioja.es/descarga/articulo/587097.pdf

670 ## - FUENTE DE DATOS ENCONTRADOS

  • Cita de la fuente: Durán Guardeño, Antonio José y Curbera Costello, Guillermo: Quinientos años de Matemáticas en Sevilla y algunos menos en la Universidad, en Castillo Martos, Manuel (coord.): Historia de los estudios e investigación en ciencias en la Universidad de Sevilla, 2005, en WWW Grupo de investigación sobre polinomios ortogonales y teoría de la aproximación, Facultad de Matemáticas, Universidad de Sevilla, 2-11-2022
  • Información encontrada: (página 102 (En 1888 se incorporó, como catedrático de Análisis matemático, Luis Gonzaga Gascó Albert)
  • Identificador Uniforme de Recursos: https://euler.us.es/~curbera/QuinientosAnnos